Herejes en la Historia
Salvato in:
| Autore principale: | |
|---|---|
| Natura: | Libro |
| Lingua: | spagnolo |
| Pubblicazione: |
Madrid
Trotta
2009
|
| Edizione: | 1a. ed |
| Serie: | Religión
|
| Soggetti: | |
| Tags: |
Aggiungi Tag
Nessun Tag, puoi essere il primo ad aggiungerne!!
|
MARC
| LEADER | 00000cam a2200000 a 4500 | ||
|---|---|---|---|
| 001 | UCC7625 | ||
| 003 | CL-VaPUC | ||
| 008 | 190427e20090000sp |||||||||||||||||spa|d | ||
| 020 | |a 9788498790627 | ||
| 082 | 0 | 4 | |a 273 |b MAR |2 21 |
| 100 | |a Marcos, Mar |e autora |9 602295 | ||
| 245 | 1 | 0 | |a Herejes en la Historia |
| 250 | |a 1a. ed | ||
| 300 | |a 205 p | ||
| 942 | |c BK | ||
| 945 | |d 20190427 02:22:00 |a dcastane | ||
| 260 | |a Madrid |b Trotta |c 2009 | ||
| 650 | 0 | |a Herejías |9 356979 | |
| 650 | 7 | |a HEREJES |2 CL-VaPUC |9 440950 | |
| 650 | 0 | |a Historia de la iglesia |9 257565 | |
| 583 | |a last modification |c 20190427 02:22:00 |k Rodrigo Vera | ||
| 490 | 0 | |a Religión | |
| 999 | |c 374218 |d 374216 | ||
| 952 | |0 0 |1 0 |3 erb |4 0 |6 273_000000000000000_MAR_2009 |7 0 |8 A |9 492707 |a BIBHIS |b BIBHIS |i 5544149 |o 273 MAR 2009 |p 5544149 |r 2025-01-20 |w 2019-11-24 |y BK |z Catalogado en:20190427 |k HIS | ||